000 00791nam a2200229 a 4500
001 12410
003 CO-ViMGA
008 141112s2004 ck r 000 u spa d
040 _aCO-ViMGA
_bspa
_cCO-ViMGA
082 0 4 _a616.398 C87s
100 1 _aCure, Cure Carlos
_917815
245 1 0 _aSobrepeso y Obesidad :
_bManual de Educación y Entrenamiento
260 _aBogotá :
_bColegio Maximo de las academias colombianas :
_bAcademia Naconal de medicina,
_c1990
300 _a197p.
590 _aForma de adquisición : DONACION - - Proveedor : MARINA TRUJILLO - - Fecha de adquisición : SEPTIEMBRE - 2000
650 1 4 _aHABITOS ALIMENTICIOS
_917816
650 1 4 _aMANUALES
650 1 4 _aOBESIDAD
_911639
650 1 4 _aPREVENCION
_917817
650 1 4 _aTRATAMIENTO
_912877
942 _2ddc
_cBK
999 _c23419
_d23419